Political science : (Record no. 880)
[ view plain ]
| 000 -LEADER | |
|---|---|
| fixed length control field | 01248cam a22003255i 4500 |
| 001 - CONTROL NUMBER | |
| control field | 991027137719703731 |
| 003 - CONTROL NUMBER IDENTIFIER | |
| control field | EG-CaNGU |
| 005 - DATE AND TIME OF LATEST TRANSACTION | |
| control field | 20240117120611.0 |
| 008 - FIXED-LENGTH DATA ELEMENTS--GENERAL INFORMATION | |
| fixed length control field | 990429t2020 ii a f b 001 0 eng d |
| 020 ## - INTERNATIONAL STANDARD BOOK NUMBER | |
| International Standard Book Number | 9789353065713 |
| 040 ## - CATALOGING SOURCE | |
| Original cataloging agency | DLC |
| Transcribing agency | DLC |
| Modifying agency | UKM |
| -- | EG-CaNGU |
| Language of cataloging | eng |
| Description conventions | rda |
| 082 04 - DEWEY DECIMAL CLASSIFICATION NUMBER | |
| Edition number | 23 |
| Classification number | 320 |
| Item number | ROP |
| 100 1# - MAIN ENTRY--PERSONAL NAME | |
| 9 (RLIN) | 2169 |
| Personal name | Roskin, Michael G., |
| Dates associated with a name | 1939- |
| Relator term | author. |
| 245 10 - TITLE STATEMENT | |
| Title | Political science : |
| Remainder of title | an introduction / |
| 250 ## - EDITION STATEMENT | |
| Edition statement | Fourteenth edition. |
| 264 #1 - PRODUCTION, PUBLICATION, DISTRIBUTION, MANUFACTURE, AND COPYRIGHT NOTICE | |
| Place of production, publication, distribution, manufacture | Noida, India : |
| Name of producer, publisher, distributor, manufacturer | Pearson India Education Services Pvt. Ltd., |
| Date of production, publication, distribution, manufacture, or copyright notice | [2020] |
| 264 #4 - PRODUCTION, PUBLICATION, DISTRIBUTION, MANUFACTURE, AND COPYRIGHT NOTICE | |
| Date of production, publication, distribution, manufacture, or copyright notice | ©2020 |
| 300 ## - PHYSICAL DESCRIPTION | |
| Extent | xviii, 387 pages : |
| Other physical details | illustrations ; |
| Dimensions | 24 cm |
| 336 ## - CONTENT TYPE | |
| Content type term | text |
| Content type code | txt |
| Source | rdacontent |
| 337 ## - MEDIA TYPE | |
| Media type term | unmediated |
| Media type code | n |
| Source | rdamedia |
| 338 ## - CARRIER TYPE | |
| Carrier type term | volume |
| Carrier type code | nc |
| Source | volume |
| 504 ## - BIBLIOGRAPHY, ETC. NOTE | |
| Bibliography, etc. note | Includes bibliographical references and index. |
| 650 #7 - SUBJECT ADDED ENTRY--TOPICAL TERM | |
| Topical term or geographic name entry element | Political science |
| Source of heading or term | NGU-sh |
| 9 (RLIN) | 2171 |
| 700 1# - ADDED ENTRY--PERSONAL NAME | |
| 9 (RLIN) | 2172 |
| Personal name | Cord, Robert L., |
| Relator term | author. |
| 700 1# - ADDED ENTRY--PERSONAL NAME | |
| 9 (RLIN) | 2173 |
| Personal name | Medeiros, James A., |
| Dates associated with a name | 1942- |
| Relator term | author. |
| 700 1# - ADDED ENTRY--PERSONAL NAME | |
| 9 (RLIN) | 2174 |
| Personal name | Jones, Walter S., |
| Dates associated with a name | 1938- |
| Relator term | author. |
| 700 1# - ADDED ENTRY--PERSONAL NAME | |
| Personal name | Singh, Abhay Prasad |
| 9 (RLIN) | 2176 |
| Relator term | adapter. |
| 700 1# - ADDED ENTRY--PERSONAL NAME | |
| Personal name | Murari, Krishna, |
| Relator term | adapter. |
| 942 ## - ADDED ENTRY ELEMENTS (KOHA) | |
| Source of classification or shelving scheme | ddc |
| Withdrawn status | Lost status | Source of classification or shelving scheme | Damaged status | Not for loan | Collection code | Home library | Current library | Date acquired | Total Renewals | Full call number | Barcode | Date last seen | Date last checked out | Price effective from | Koha item type | Inventory number |
|---|---|---|---|---|---|---|---|---|---|---|---|---|---|---|---|---|
| Dewey Decimal Classification | Economics and Politics | Library B | Library B | 11/20/2019 | 5 | 320 ROP | 1000319 | 03/09/2026 | 02/04/2026 | 11/20/2019 | Book | |||||
| Lost | Dewey Decimal Classification | Economics and Politics | Library B | Library B | 11/20/2019 | 2 | 320 ROP | 1000321 | 11/18/2020 | 11/05/2020 | 11/20/2019 | Book | Inventory_2021 | |||
| Dewey Decimal Classification | Economics and Politics | Library B | Library B | 11/20/2019 | 13 | 320 ROP | 1000322 | 01/05/2026 | 11/03/2025 | 11/20/2019 | Book | |||||
| Dewey Decimal Classification | Economics and Politics | Library B | Library B | 11/21/2019 | 320 ROP | 1000317 | 08/13/2025 | 11/21/2019 | Book Non-borrowing | |||||||
| Dewey Decimal Classification | Economics and Politics | Library B | Library B | 11/21/2019 | 18 | 320 ROP | 1000318 | 11/10/2025 | 10/13/2025 | 11/21/2019 | Book | |||||
| Dewey Decimal Classification | Economics and Politics | Library B | Library C | 11/20/2019 | 19 | 320 ROP | 1000320 | 11/25/2025 | 11/04/2025 | 11/20/2019 | Book |